Statistiques concernant La Filmographie de Chadwick Boseman

Cliquez ici pour prendre le quiz!

Statistiques générales

  • Ce quiz a été pris 5 fois
  • Le résultat moyen est 8 sur 33

Statistiques - réponses

AnnéesFilms/Séries% Correct
2018Black Panther
100%
2019Avengers: Endgame
75%
2018Avengers: Infinity War
75%
2016Captain America: Civil War
75%
2011What If...?
50%
201342
25%
2011Castle
25%
2020Da 5 Bloods: Frère de sang
25%
2011Detroit 1-8-7
25%
2011Fringe
25%
2014Get on Up
25%
2016Gods of Egypt
25%
2020Le Blues de Ma Rainey
25%
2009Lie to Me
25%
2019Manhattan Lockdown
25%
2017Marshall
25%
2017Message from the King
25%
2010Persons Unknown
25%
2008The Express
25%
2010The Glades
25%
2012The Kill Hole
25%
20149 Kisses
0%
2008Cold Case: Affaire classés
0%
2004Date
0%
2006LadyLike
0%
2003La Force du destin
0%
2014Le Pari
0%
2006Les Experts: Manhattan
0%
2003New York 911
0%
2004New York, police judiciaire
0%
2008-2009Retour de Lincoln Heights
0%
2007The Appointment
0%
2008Urgences
0%

Distribution des résultats

Percentile par nombre de réponses

% des personnes avec chaque résultat

Votre développement - résultats

Vous n’avez pas pris ce quiz